000 00369nam a2200157Ia 4500
008 221030s9999 xx 000 0 und d
020 _a8126112352
041 _aEnglish
082 _a105.23
_bSin
100 _aY. P. Singh
245 0 _aEffective Marketing Management
260 _bAnmol Pub
_aNew Delhi
_c2002
300 _a274
650 _aManagement
942 _cBK
999 _c2490
_d2490